Dedičnosť a premenlivosť veľkosti tela a rastovej schopnosti hydiny

Bibliographic Details
Main Author: Baumgartner, Ján, 1940- (Author)
Format: Article
Language:Slovak
PhysicalDescription:Obr. 1.
Subjects:

MARC

LEADER 00000nab a2200000 a 4500
001 vtls000014741
003 SK-MaSNL
005 20260303020748.0
008 140328c1978 xo 0 slo
015 |a SNBRB19rr/mm-uuuuu 
035 |a CL0024835 
040 |a SNKBUCL  |b slo  |c SNKBUCL  |e AACR2 
041 0 |a slo 
044 |a xo  |c SK 
080 |a 636.5  |2 1981 
080 |a 636.08  |2 1981 
100 1 |a Baumgartner, Ján,  |d 1940-  |4 aut  |9 85888 
245 1 0 |a Dedičnosť a premenlivosť veľkosti tela a rastovej schopnosti hydiny  |c J. Baumgartner 
300 |b Obr. 1. 
650 0 7 |a hydina  |2 snkbucl  |9 2747 
650 0 7 |a dedičnosť  |2 snkbucl  |9 2442 
655 7 |a články z novín a časopisov  |2 snkbucl  |9 267496 
773 0 |t Záhradkár chovateľ  |g Roč. 14, č. 11 (1978), s. 428-429 
850 |a Slovenská národná knižnica v Martine  |a MTA001 
852 |a SNK  |b KIS3GCP 
958 |a RK 
992 |a RBX 
999 |c 1619782  |d 1621712